| Поле | Инд. | ПП | Название | Значение |
|---|---|---|---|---|
| Тип записи | a | |||
| Библиографический уровень | m | |||
| 001 | Контрольный номер | 1446f2ce1e424192bc46c9da5a74a80e | ||
| 005 | Дата корректировки | 20220913162228.0 | ||
| 080 | a | Индекс УДК | 75(075.8) | |
| 090 | a | Полочн. индекс | 75С2 | |
| x | Авторский знак | Г 67 | ||
| 097 | b | Оператор | *Ж* | |
| 097 | b | Оператор | *Ви* | |
| 100 | 1_ | a | Автор | Горбенко А.А. |
| 245 | 10 | a | Заглавие | Акварельная живопись для архитекторов |
| b | Продолж. заглавия | учебное пособие для вузов | ||
| 260 | a | Место издания | Киев | |
| b | Издательство | Будивельник | ||
| c | Дата издания | 1982 | ||
| 300 | a | Объем | 127 с. | |
| b | Иллюстрации/ тип воспроизводства | ил. | ||
| 516 | 8_ | a | Прим. о типе комп. файла/ данных | Текст : непосредственный |
| 520 | 0_ | a | Аннотация | В книге рассмотрены методические основы акварельной живописи, ее развитие и лучшие достижения в творчестве художников и архитекторов. Освещены поэтапный процесс овладения техникой акварельной живописи, ее роль, значение и область применения в творческой деятельности. Книга рассчитана на архитекторов и студентов архитектурных факультетов. |
| 583 | a | Действие | Ретро | |
| 653 | 0_ | a | Ключевые слова | Акварельная живопись |
| a | Ключевые слова | Акварель | ||
| a | Ключевые слова | Архитекторы | ||
| a | Ключевые слова | Зал искусств ТвГТУ | ||
| a | Ключевые слова | Выставка одной книги | ||
| 655 | a | Жанр/ форма (устаревшее) | *У* | |
| 900 | a | Имя макрообъекта | 001-000148017-000000000-0000-0000-01 | |
| 901 | t | Тип документа | m | |
| 901 | t | Тип документа | m | |
| 905 | a | Дата создания записи | 08.06.22 | |
| 952 | a | Тип литературы для КСУ ВШ | *У2* | |
| e | Факультет | *ФУСК* | ||
| 990 | c | Приоритет заказа (DOS) | *д* | |
| g | Размещение заказа (DOS) | Ретро | ||
| h | N записи в КСУ для Б/У (DOS) | 1001/2022 | ||
| j | Количество экземпляров (DOS) | 3 |